[Event "Faroes op"]
[Site "Sandavagur"]
[Date "2018.07.12"]
[Round "7"]
[White "Esteve Sanchez, Sergio"]
[Black "Haubro, Siv"]
[Result "1-0"]
[WhiteElo "1994"]
[BlackElo "1780"]
[PlyCount "105"]
[EventDate "2018.07.07"]
[EventType "swiss"]
[EventRounds "9"]
[EventCountry "FAI"]
[SourceTitle "CBM 185 Extra"]
[Source "ChessBase"]
[SourceDate "2018.07.29"]
[SourceVersion "1"]
[SourceVersionDate "2018.07.29"]
[SourceQuality "1"]

1. b3 d5 2. Bb2 e6 3. e3 Nd7 4. c4 c6 5. Nf3 f5 6. Be2 Ngf6 7. 0-0 Bd6 8. d4 0-0 9. Nbd2 Ne4 10. Ne5 Nxd2 11. Qxd2 Be7 12. Rad1 Qc7 13. f3 Bg5 14. Qc3 Bf6 15. Bd3 Nxe5 16. dxe5 Bg5 17. f4 Be7 18. cxd5 exd5 19. Rc1 Be6 20. Qc2 Rac8 21. g4 g6 22. gxf5 Bxf5 23. Bxf5 Rxf5 24. Rf2 Qd7 25. Qd3 Qe6 26. Kh1 Rcf8 27. Rg2 c5 28. Rd1 Rd8 29. Qb5 Rd7 30. Rgd2 a6 31. Qe2 Rh5 32. Qg2 d4 33. exd4 cxd4 34. Rxd4 Rc7 35. Qd5 Kf7 36. Kg2 Rf5 37. Kg3 Rh5 38. Qxe6+ Kxe6 39. Rc1 Rxc1 40. Bxc1 Rf5 41. Rc4 Kd7 42. Rd4+ Ke6 43. Rc4 Kd7 44. Be3 b5 45. Rc2 h5 46. Kf3 Rf8 47. Ke4 Bb4 48. h3 Re8 49. Rg2 Rg8 50. Kd5 Ke7 51. Bc5+ Bxc5 52. Kxc5 Ke6 53. Rg5 1-0

[Event "Faroes op"]
[Site "Sandavagur"]
[Date "2018.07.11"]
[Round "6"]
[White "Haubro, Siv"]
[Black "Nielsen, Suni i Horni"]
[Result "1-0"]
[WhiteElo "1780"]
[BlackElo "1487"]
[PlyCount "51"]
[EventDate "2018.07.07"]
[EventType "swiss"]
[EventRounds "9"]
[EventCountry "FAI"]
[SourceTitle "CBM 185 Extra"]
[Source "ChessBase"]
[SourceDate "2018.07.29"]
[SourceVersion "1"]
[SourceVersionDate "2018.07.29"]
[SourceQuality "1"]

1. e4 e5 2. Nf3 Nc6 3. Bc4 Bc5 4. 0-0 d6 5. h3 Nf6 6. Re1 0-0 7. c3 h6 8. Bb3 Re8 9. Bc2 Ne7 10. d4 exd4 11. cxd4 Bb4 12. Nc3 Ng6 13. e5 dxe5 14. Bxg6 Bxc3 15. Bxf7+ Kxf7 16. Nxe5+ Kg8 17. bxc3 Be6 18. Qf3 Bd5 19. Qf5 Rf8 20. Ba3 Re8 21. Qg6 c6 22. Bc1 Nd7 23. Bxh6 Qf6 24. Qxf6 Nxf6 25. Bf4 Ne4 26. c4 1-0

[Event "Skovlunde Capablanca-A"]
[Site "Skovlunde"]
[Date "2003.09.08"]
[Round "3"]
[White "Haubro, Siv"]
[Black "Carlsen, Henrik"]
[Result "0-1"]
[WhiteElo "1592"]
[BlackElo "1457"]
[PlyCount "62"]
[EventDate "2003.08.25"]
[EventType "tourn"]
[EventRounds "5"]
[EventCountry "DEN"]
[SourceTitle "EXT 2023"]
[Source "ChessBase"]
[SourceDate "2022.10.05"]
[SourceVersion "1"]
[SourceVersionDate "2022.10.05"]
[SourceQuality "1"]

1. e4 c5 2. Nf3 Nc6 3. c3 Nf6 4. e5 Nd5 5. Bc4 Nb6 6. Bb3 e6 7. 0-0 d6 8. d4 dxe5 9. dxe5 Qc7 10. Re1 c4 11. Bc2 Be7 12. Qe2 Bd7 13. Nbd2 g5 14. Nxc4 0-0-0 15. Nxb6+ Qxb6 16. Bxg5 h6 17. Bxe7 Nxe7 18. b3 Bc6 19. c4 Rhg8 20. Be4 Ng6 21. g3 Nf4 22. Qe3 Bxe4 23. Qxe4 Nh3+ 24. Kg2 Nxf2 25. Qe3 Qxe3 26. Rxe3 Nd3 27. Kf1 Nb4 28. Re2 Rd3 29. Kf2 Rgd8 30. Re3 Rxe3 31. Kxe3 Nc2+ 0-1

[Event "Skovlunde Capablanca-A"]
[Site "Skovlunde"]
[Date "2003.09.01"]
[Round "2"]
[White "Vang Larsen, Torben"]
[Black "Haubro, Siv"]
[Result "0-1"]
[WhiteElo "1863"]
[BlackElo "1592"]
[PlyCount "59"]
[EventDate "2003.08.25"]
[EventType "tourn"]
[EventRounds "5"]
[EventCountry "DEN"]
[SourceTitle "EXT 2023"]
[Source "ChessBase"]
[SourceDate "2022.10.05"]
[SourceVersion "1"]
[SourceVersionDate "2022.10.05"]
[SourceQuality "1"]

1. c4 e5 2. Nc3 Nf6 3. Nf3 Nc6 4. d4 exd4 5. Nxd4 Nxd4 6. Qxd4 Be7 7. e4 d6 8. Bg5 0-0 9. 0-0-0 Be6 10. e5 Ng4 11. Bxe7 Qxe7 12. exd6 Qxd6 13. Nd5 Bxd5 14. Qxg4 Qh6+ 15. f4 Bc6 16. Bd3 Rad8 17. Rhe1 Rfe8 18. Rxe8+ Rxe8 19. h3 Qf6 20. Bc2 Qe7 21. f5 Qe3+ 22. Kb1 f6 23. a3 Qf2 24. Qh5 Qxg2 25. c5 Qf3 26. Qxf3 Bxf3 27. Rd7 h5 28. h4 Kh7 29. Rxc7 Kh6 30. Bb3 0-1